| 000 -LEADER |
| fixed length control field |
01605 a2200241 4500 |
| 003 - CONTROL NUMBER IDENTIFIER |
| control field |
Nust |
| 005 - DATE AND TIME OF LATEST TRANSACTION |
| control field |
20230114145703.0 |
| 010 ## - LIBRARY OF CONGRESS CONTROL NUMBER |
| LC control number |
92033100 |
| 020 ## - INTERNATIONAL STANDARD BOOK NUMBER |
| International Standard Book Number |
0916159248 |
| 040 ## - CATALOGING SOURCE |
| Transcribing agency |
Nust |
| 082 00 - DEWEY DECIMAL CLASSIFICATION NUMBER |
| Classification number |
355.343,FIR |
| 245 04 - TITLE STATEMENT |
| Title |
The first information war : |
| Remainder of title |
the story of communications, computers, and intelligence systems in the Persian Gulf War / |
| Statement of responsibility, etc. |
Alan D. Campen, contributing editor. |
| 260 ## - PUBLICATION, DISTRIBUTION, ETC. |
| Place of publication, distribution, etc. |
Fairfax, Va. : |
| Name of publisher, distributor, etc. |
AFCEA International Press, |
| Date of publication, distribution, etc. |
1992. |
| 300 ## - PHYSICAL DESCRIPTION |
| Extent |
xxi, 195 p. : |
| Other physical details |
ill. ; |
| Dimensions |
24 cm. |
| 505 ## - FORMATTED CONTENTS NOTE |
| Formatted contents note |
Desert Strom Communications (Page-1), Communication Support for the high technology battlefield (Page-7), Information Systems and Air Warfare (Page-23), CAFMS goes to War (Page-37), The Electricity Sanctuary (Page-47), Communication Support to Intelligence (Page-51), Extending Real (Page-61) Ears of Strom (Page-65), Responsive communications key to Army Intelligence (Page-71), Electronics Templates (Page-75), Desert War (Page-81), Information Truth (Page-87), Communicate on the Move (Page-93), C2 in Heavy Bridge (Page-101), The First Space of War (Page-121), Silent space Warriors (Page-135), Established Tactical (Page-149), Spectrum Management (Page-155), The Joint CEOI (Page-161), Joint stars in desert storm (Page-167), Iraqi Command and Control (Page-171). |
| 650 #0 - SUBJECT ADDED ENTRY--TOPICAL TERM |
| Topical term or geographic name entry element |
Command and control systems. |
| 650 #0 - SUBJECT ADDED ENTRY--TOPICAL TERM |
| Topical term or geographic name entry element |
Information warfare. |
| 9 (RLIN) |
99329 |
| 650 #0 - SUBJECT ADDED ENTRY--TOPICAL TERM |
| Topical term or geographic name entry element |
Military intelligence. |
| 9 (RLIN) |
48697 |
| 650 #0 - SUBJECT ADDED ENTRY--TOPICAL TERM |
| Topical term or geographic name entry element |
Military telecommunication. |
| 9 (RLIN) |
99355 |
| 650 #0 - SUBJECT ADDED ENTRY--TOPICAL TERM |
| Topical term or geographic name entry element |
Persian Gulf War, 1991 |
| General subdivision |
Communications. |
| 9 (RLIN) |
105773 |
| 700 1# - ADDED ENTRY--PERSONAL NAME |
| Personal name |
Campen, Alan D. |
| 9 (RLIN) |
79833 |
| 942 ## - ADDED ENTRY ELEMENTS (KOHA) |
| Source of classification or shelving scheme |
|
| Koha item type |
Book |
| Call number prefix |
355.343,FIR |